[Event "Xtracon Skakligaen"]
[Site "Denmark"]
[Date "2016.02.07"]
[Round "7.1"]
[White "Schandorff, Lars"]
[Black "Hillarp Persson, Tiger"]
[Result "0-1"]
[WhiteElo "2519"]
[BlackElo "2546"]
[PlyCount "80"]
[EventDate "2015.10.31"]
[EventType "team-tourn"]
[EventRounds "9"]
[EventCountry "DEN"]
[WhiteTeam "Hillerod"]
[BlackTeam "Bronshoj"]
[WhiteTeamCountry "DEN"]
[BlackTeamCountry "DEN"]

1. d4 Nf6 2. c4 g6 3. g3 Bg7 4. Bg2 O-O 5. Nc3 d6 6. Nf3 c5 7. d5 e6 8. O-O
exd5 9. cxd5 Na6 10. Bf4 Re8 11. Re1 Bg4 12. h3 Bxf3 13. Bxf3 Nd7 14. e4 Ne5
15. Be2 c4 16. Bxe5 Bxe5 17. Bxc4 Nc5 18. Qc2 Rc8 19. Bf1 a6 20. Rac1 b5 21.
Qd2 Qa5 22. Re3 b4 23. Nd1 Qxa2 24. Bc4 Qa5 25. f4 Bg7 26. Nf2 Nd7 27. Kg2 Nb6
28. b3 Nxc4 29. bxc4 Qb6 30. e5 dxe5 31. Qe2 a5 32. Nd3 b3 33. fxe5 a4 34. c5
Qa7 35. c6 Bh6 36. Nf4 b2 37. Re1 Bxf4 38. gxf4 Qc5 39. Qd2 a3 40. Kg3 Qb5 0-1

[Event "Xtracon Skakligaen"]
[Site "Denmark"]
[Date "2016.02.07"]
[Round "7.2"]
[White "Aabling Thomsen, Jakob"]
[Black "Borge, Nikolaj"]
[Result "0-1"]
[WhiteElo "2341"]
[BlackElo "2379"]
[PlyCount "100"]
[EventDate "2015.10.31"]
[EventType "team-tourn"]
[EventRounds "9"]
[EventCountry "DEN"]
[WhiteTeam "Bronshoj"]
[BlackTeam "Hillerod"]
[WhiteTeamCountry "DEN"]
[BlackTeamCountry "DEN"]

1. e4 c5 2. Nf3 e6 3. d4 cxd4 4. Nxd4 Nc6 5. Nc3 Qc7 6. f4 a6 7. Nxc6 Qxc6 8.
Bd3 Bc5 9. Qe2 Ne7 10. Bd2 d6 11. O-O-O Bd7 12. g4 O-O-O 13. Rhf1 Kb8 14. f5
Bd4 15. Bc4 Rc8 16. Bb3 Qb6 17. Rf3 h5 18. h3 hxg4 19. hxg4 Nc6 20. Be3 Bxe3+
21. Qxe3 Qxe3+ 22. Rxe3 Ne5 23. Rxd6 Rh1+ 24. Nd1 Kc7 25. Rd2 Rg1 26. fxe6 fxe6
27. Rc3+ Kb8 28. Rh3 Rc5 29. g5 Rxg5 30. Nf2 Rg1+ 31. Rd1 Rg2 32. Rd2 Kc7 33.
Nd3 Nxd3+ 34. Rdxd3 Re5 35. Rd4 Bc6 36. Rf3 Rxe4 37. Rf7+ Kb6 38. Rxe4 Bxe4 39.
Bxe6 Rxc2+ 40. Kd1 g5 41. Rg7 Rg2 42. b4 Bf3+ 43. Kc1 Kb5 44. a3 Ka4 45. Bc8
Kb3 46. Bxb7 Rc2+ 47. Kb1 g4 48. Bxa6 Be4 49. Rxg4 Rg2+ 50. Rxe4 Rg1+ 0-1

[Event "Xtracon Skakligaen"]
[Site "Denmark"]
[Date "2016.02.07"]
[Round "7.3"]
[White "Percivaldi, Martin"]
[Black "Carstensen, Jacob"]
[Result "0-1"]
[WhiteElo "2246"]
[BlackElo "2352"]
[PlyCount "146"]
[EventDate "2015.10.31"]
[EventType "team-tourn"]
[EventRounds "9"]
[EventCountry "DEN"]
[WhiteTeam "Hillerod"]
[BlackTeam "Bronshoj"]
[WhiteTeamCountry "DEN"]
[BlackTeamCountry "DEN"]

1. d4 Nf6 2. c4 e6 3. Nf3 d5 4. g3 dxc4 5. Bg2 Bb4+ 6. Nbd2 b5 7. O-O O-O 8. a4
c6 9. Ne1 Nd5 10. e4 Nc7 11. Nc2 Be7 12. e5 Nd5 13. Ne4 Nd7 14. Qh5 b4 15. h4
f5 16. exf6 N7xf6 17. Qe2 Nxe4 18. Qxe4 Bf6 19. Ne3 c3 20. Ng4 Bd7 21. Nxf6+
Qxf6 22. Bg5 Qf5 23. Qe2 cxb2 24. Qxb2 a5 25. Rae1 Nc3 26. Qd2 Qg6 27. Be7 Rf5
28. Bd6 Rd5 29. Be5 Rf8 30. Re3 c5 31. Bxd5 Nxd5 32. dxc5 Nxe3 33. fxe3 Rxf1+
34. Kxf1 Qe8 35. Qd4 Qf8+ 36. Ke1 Bxa4 37. h5 h6 38. Bf4 Qa8 39. e4 Bc2 40. Bc7
Bxe4 41. Be5 Bf5 42. Bxg7 Qh1+ 43. Kd2 Qh2+ 44. Kd1 Qxh5+ 45. Ke1 Qh1+ 46. Kd2
Qg2+ 47. Kd1 Qc2+ 48. Ke1 Bd3 49. Qe5 Qc1+ 50. Kf2 Qd2+ 51. Kf3 Bc4 52. Bf6
Bd5+ 53. Kg4 Qd1+ 54. Kh4 Qh1+ 55. Kg4 Qf3+ 56. Kh4 Qe4+ 57. Kh5 Qxe5+ 58. Bxe5
a4 59. c6 Bxc6 60. Kxh6 a3 61. Bd6 a2 62. Be5 Kf7 63. g4 Be4 64. g5 Bg6 65. Ba1
b3 66. Be5 Bd3 67. Kh5 Be4 68. Kh6 Bg6 69. Ba1 e5 70. Bxe5 Ke6 71. Ba1 Kf5 72.
Bb2 Be8 73. Kg7 Ke4 0-1

[Event "Xtracon Skakligaen"]
[Site "Denmark"]
[Date "2016.02.07"]
[Round "7.4"]
[White "Palm, Nikolaj"]
[Black "Jaksland, Tim"]
[Result "1-0"]
[WhiteElo "2347"]
[BlackElo "2284"]
[PlyCount "79"]
[EventDate "2015.10.31"]
[EventType "team-tourn"]
[EventRounds "9"]
[EventCountry "DEN"]
[WhiteTeam "Bronshoj"]
[BlackTeam "Hillerod"]
[WhiteTeamCountry "DEN"]
[BlackTeamCountry "DEN"]

1. d4 Nf6 2. Nf3 c5 3. e3 g6 4. Be2 Bg7 5. O-O O-O 6. b3 b6 7. Bb2 Bb7 8. c4 e6
9. Nc3 Nc6 10. Rc1 Qe7 11. Qd2 Rfd8 12. d5 exd5 13. cxd5 Nb4 14. d6 Qf8 15. Bc4
Ne4 16. Nxe4 Bxb2 17. Qxb2 Bxe4 18. Ne5 Bd5 19. Bxd5 Nxd5 20. Rcd1 Nb4 21. f4
Nc6 22. Ng4 Qg7 23. Nf6+ Kh8 24. e4 Nd4 25. e5 Rac8 26. Rd3 Rc6 27. Rh3 h6 28.
Qf2 Nf5 29. Ne4 Kg8 30. g4 Nd4 31. Qh4 Ne6 32. Nf6+ Kf8 33. Qxh6 Qxh6 34. Rxh6
Rcc8 35. Rf3 g5 36. f5 Nf4 37. h4 Ne2+ 38. Kf1 Nd4 39. Rh3 Kg7 40. Rh7+ 1-0

[Event "Xtracon Skakligaen"]
[Site "Denmark"]
[Date "2016.02.07"]
[Round "7.5"]
[White "Stojanovski, Sandi"]
[Black "Laursen, Niels Norskov"]
[Result "1-0"]
[WhiteElo "2250"]
[BlackElo "2316"]
[PlyCount "95"]
[EventDate "2015.10.31"]
[EventType "team-tourn"]
[EventRounds "9"]
[EventCountry "DEN"]
[WhiteTeam "Hillerod"]
[BlackTeam "Bronshoj"]
[WhiteTeamCountry "DEN"]
[BlackTeamCountry "DEN"]

1. Nf3 c5 2. g3 Nc6 3. d4 cxd4 4. Nxd4 g6 5. Bg2 Bg7 6. Nb3 d6 7. c4 Be6 8. c5
a5 9. a4 Nb4 10. Na3 d5 11. Nb5 Nf6 12. Bf4 Rc8 13. Be5 Nc6 14. Bc3 Qd7 15. O-O
O-O 16. Rc1 Bh3 17. Nxa5 Nxa5 18. Bxa5 Bxg2 19. Kxg2 Ne4 20. b4 f5 21. Na7 Ra8
22. Bb6 Nc3 23. Rxc3 Bxc3 24. Qb3 Bf6 25. b5 e6 26. c6 bxc6 27. Nxc6 Rf7 28. a5
e5 29. a6 d4 30. Qc4 Rc8 31. Rd1 Qe8 32. Kg1 Kg7 33. Qa4 Qe6 34. a7 Ra8 35. Bc5
Qd5 36. Qb4 Rb7 37. Rc1 Bd8 38. f4 exf4 39. Bxd4+ Kh6 40. gxf4 Rxb5 41. Rc3 Kh5
42. Rh3+ Kg4 43. Qe1 Rb3 44. e3 Rb1 45. Rg3+ Kh5 46. Qxb1 Qxc6 47. Qd1+ Kh4 48.
Qe1 1-0

[Event "Xtracon Skakligaen"]
[Site "Denmark"]
[Date "2016.02.07"]
[Round "7.6"]
[White "Furrer, Christian"]
[Black "Ostergaard, Jens"]
[Result "1-0"]
[WhiteElo "2176"]
[BlackElo "2254"]
[PlyCount "71"]
[EventDate "2015.10.31"]
[EventType "team-tourn"]
[EventRounds "9"]
[EventCountry "DEN"]
[WhiteTeam "Bronshoj"]
[BlackTeam "Hillerod"]
[WhiteTeamCountry "DEN"]
[BlackTeamCountry "DEN"]

1. d4 Nf6 2. c4 e6 3. g3 d5 4. Nf3 Be7 5. Bg2 O-O 6. O-O c6 7. Qc2 b6 8. Nbd2
Bb7 9. e4 Nbd7 10. e5 Ne8 11. cxd5 cxd5 12. Re1 Rc8 13. Qa4 a6 14. Nf1 Nb8 15.
Ne3 Nc6 16. Qd1 b5 17. Bf1 Qb6 18. Bd3 Nc7 19. Ng4 g6 20. Bb1 f5 21. exf6 Bxf6
22. Nxf6+ Rxf6 23. Bg5 Rxf3 24. Qxf3 Rf8 25. Qd1 e5 26. Be3 Re8 27. dxe5 d4 28.
Bh6 Nxe5 29. Be4 Bxe4 30. Rxe4 Qc6 31. Qb3+ Qc4 32. Qxc4+ bxc4 33. Kg2 Nc6 34.
Rxe8+ Nxe8 35. Rc1 Nd6 36. Bf4 1-0

[Event "Xtracon Skakligaen"]
[Site "Denmark"]
[Date "2016.02.07"]
[Round "7.7"]
[White "Nordenbaek, Jan"]
[Black "Pedersen, Peter Brondt"]
[Result "1/2-1/2"]
[WhiteElo "2196"]
[BlackElo "2171"]
[PlyCount "73"]
[EventDate "2015.10.31"]
[EventType "team-tourn"]
[EventRounds "9"]
[EventCountry "DEN"]
[WhiteTeam "Hillerod"]
[BlackTeam "Bronshoj"]
[WhiteTeamCountry "DEN"]
[BlackTeamCountry "DEN"]

1. Nf3 Nf6 2. c4 g6 3. Nc3 Bg7 4. e4 d6 5. Be2 O-O 6. d4 Nbd7 7. O-O e5 8. Be3
exd4 9. Nxd4 Re8 10. f3 c6 11. Qd2 a5 12. Rfd1 Bf8 13. b3 Qc7 14. Kh1 Nc5 15.
Rac1 Nfd7 16. Bf1 Qb8 17. Bf2 Ne5 18. Bg3 h5 19. Nc2 Qc7 20. Re1 Qe7 21. Bf4
Kh7 22. Rcd1 f6 23. Nd4 Be6 24. Qc2 Bf7 25. Bg3 Red8 26. f4 Ned7 27. Nd5 cxd5
28. exd5 Ne5 29. fxe5 dxe5 30. Nf3 Qd7 31. Nh4 e4 32. a3 f5 33. Be2 Na6 34. d6
Nc5 35. Rf1 Be6 36. Bf4 Qc6 37. b4 1/2-1/2

[Event "Xtracon Skakligaen"]
[Site "Denmark"]
[Date "2016.02.07"]
[Round "7.8"]
[White "Nielsen, Steffen Slumstrup"]
[Black "Andersen, Ib Hother"]
[Result "1/2-1/2"]
[WhiteElo "2159"]
[BlackElo "2142"]
[PlyCount "81"]
[EventDate "2015.10.31"]
[EventType "team-tourn"]
[EventRounds "9"]
[EventCountry "DEN"]
[WhiteTeam "Bronshoj"]
[BlackTeam "Hillerod"]
[WhiteTeamCountry "DEN"]
[BlackTeamCountry "DEN"]

1. e4 e5 2. Nf3 Nc6 3. Bc4 Nf6 4. d4 exd4 5. O-O Nxe4 6. Re1 d5 7. Bxd5 Qxd5 8.
Nc3 Qh5 9. Nxe4 Be7 10. Bg5 Bg4 11. Bxe7 Bxf3 12. gxf3 Nxe7 13. Ng3 Qc5 14. Qe2
Rd8 15. b4 Qg5 16. h4 Qf6 17. Qb5+ Rd7 18. Qxb7 O-O 19. Qe4 Nd5 20. Qg4 Rdd8
21. a3 g6 22. Rad1 Nc3 23. Rd3 Kh8 24. Kh2 Rd5 25. Ne4 Nxe4 26. fxe4 Qxf2+ 27.
Kh3 Qxe1 28. exd5 Qh1+ 29. Kg3 Qg1+ 30. Kf3 Qf1+ 31. Kg3 Qe1+ 32. Kh3 Re8 33.
Qxd4+ Kg8 34. Rf3 Re5 35. d6 cxd6 36. Qxd6 Qh1+ 37. Kg3 Qg1+ 38. Kh3 Qh1+ 39.
Kg3 Qe1+ 40. Kh3 Qh1+ 41. Kg3 1/2-1/2

[Event "Xtracon Skakligaen"]
[Site "Denmark"]
[Date "2016.03.05"]
[Round "8.1"]
[White "Hector, Jonny"]
[Black "Teplyi, Igor"]
[Result "1-0"]
[WhiteElo "2493"]
[BlackElo "2422"]
[PlyCount "67"]
[EventDate "2015.10.31"]
[EventType "team-tourn"]
[EventRounds "9"]
[EventCountry "DEN"]
[WhiteTeam "Nordkalotten"]
[BlackTeam "Nordre"]
[WhiteTeamCountry "DEN"]
[BlackTeamCountry "DEN"]

1. e4 c5 2. Be2 Nc6 3. f4 g6 4. Nf3 Bg7 5. O-O d6 6. d3 Nf6 7. Qe1 O-O 8. Qh4
e6 9. Na3 Nd7 10. Qxd8 Rxd8 11. c3 Nb6 12. Be3 f5 13. Rad1 Bf8 14. Bf2 Be7 15.
Rfe1 Bd7 16. Rd2 Be8 17. Bd1 Bf7 18. Bh4 Bxh4 19. Nxh4 fxe4 20. dxe4 e5 21. f5
d5 22. fxg6 hxg6 23. exd5 Nxd5 24. Bb3 Nf4 25. Bxf7+ Kxf7 26. Rf2 Kg7 27. Ref1
Rd7 28. Nc4 Rf8 29. Nf3 Nd3 30. Re2 Re8 31. Ng5 b5 32. Nd2 Nd8 33. Nde4 Ne6 34.
Nf6 1-0

[Event "Xtracon Skakligaen"]
[Site "Denmark"]
[Date "2016.03.05"]
[Round "8.2"]
[White "Baekgaard, Martin"]
[Black "Brynell, Stellan"]
[Result "0-1"]
[WhiteElo "2333"]
[BlackElo "2421"]
[PlyCount "64"]
[EventDate "2015.10.31"]
[EventType "team-tourn"]
[EventRounds "9"]
[EventCountry "DEN"]
[WhiteTeam "Nordre"]
[BlackTeam "Nordkalotten"]
[WhiteTeamCountry "DEN"]
[BlackTeamCountry "DEN"]

1. d4 d5 2. c4 dxc4 3. Nf3 Nf6 4. Nc3 Nc6 5. e4 Bg4 6. d5 Ne5 7. Bf4 Ng6 8. Bg3
e5 9. Bxc4 Bd6 10. Bb5+ Nd7 11. h3 Bxf3 12. Qxf3 O-O 13. h4 Ne7 14. h5 h6 15.
Bh4 a6 16. Bd3 Qe8 17. Qg4 Nc8 18. O-O Be7 19. Rac1 Bxh4 20. Qxh4 Qe7 21. Qh3
Nd6 22. Rc2 Rac8 23. Rfc1 Nf6 24. Qf3 Nh7 25. Re1 Qg5 26. Ne2 Nf6 27. Ng3 Rfd8
28. Rec1 Rd7 29. Rc3 Qh4 30. Be2 Qf4 31. Qd3 Nfxe4 32. Nxe4 Nxe4 0-1

[Event "Xtracon Skakligaen"]
[Site "Denmark"]
[Date "2016.03.05"]
[Round "8.3"]
[White "Ahlander, Bjorn"]
[Black "Petersen, Tom Petri"]
[Result "1-0"]
[WhiteElo "2378"]
[BlackElo "2349"]
[PlyCount "69"]
[EventDate "2015.10.31"]
[EventType "team-tourn"]
[EventRounds "9"]
[EventCountry "DEN"]
[WhiteTeam "Nordkalotten"]
[BlackTeam "Nordre"]
[WhiteTeamCountry "DEN"]
[BlackTeamCountry "DEN"]

1. d4 Nf6 2. c4 g6 3. Nc3 Bg7 4. e4 d6 5. Nf3 O-O 6. Be2 e5 7. O-O Nc6 8. d5
Ne7 9. Ne1 Nd7 10. Nd3 f5 11. Bd2 Nf6 12. f3 f4 13. c5 g5 14. Rc1 Ng6 15. Nb5
Rf7 16. Ba5 b6 17. cxd6 cxd6 18. Be1 g4 19. fxg4 Nxe4 20. Bf3 Ng5 21. Nc3 Ba6
22. Ne4 Nxe4 23. Bxe4 Rc8 24. Rf2 Rxc1 25. Nxc1 Rc7 26. Rc2 Bf6 27. Nd3 Rxc2
28. Qxc2 Bh4 29. Bxh4 Qxh4 30. Nf2 Kg7 31. Bxg6 hxg6 32. Qc7+ Kh6 33. Qxd6 Qg5
34. Qf8+ Kh7 35. Ne4 1-0

[Event "Xtracon Skakligaen"]
[Site "Denmark"]
[Date "2016.03.05"]
[Round "8.4"]
[White "Sloth, Jorn"]
[Black "Sylvan, Jacob"]
[Result "1/2-1/2"]
[WhiteElo "2311"]
[BlackElo "2340"]
[PlyCount "75"]
[EventDate "2015.10.31"]
[EventType "team-tourn"]
[EventRounds "9"]
[EventCountry "DEN"]
[WhiteTeam "Nordre"]
[BlackTeam "Nordkalotten"]
[WhiteTeamCountry "DEN"]
[BlackTeamCountry "DEN"]

1. d4 Nf6 2. c4 g6 3. g3 Bg7 4. Bg2 O-O 5. Nc3 d6 6. Nf3 Nbd7 7. O-O e5 8. Qc2
Re8 9. Rd1 exd4 10. Nxd4 a6 11. Nb3 Rb8 12. Bg5 h6 13. Bf4 Qe7 14. Nd5 Nxd5 15.
cxd5 Nf6 16. Nd4 Rf8 17. Rac1 Ne8 18. e4 Bd7 19. Qd2 Kh7 20. Re1 Qd8 21. b3 Rc8
22. Red1 Bg4 23. f3 Bd7 24. Bf1 Rb8 25. Be3 Qe7 26. Re1 Qd8 27. Kh1 Rc8 28. Rc2
Qf6 29. Bg2 c5 30. dxc6 bxc6 31. Rec1 c5 32. Ne2 Bb5 33. Nf4 Nc7 34. b4 Ba4 35.
Rc4 Bb5 36. R4c2 Ba4 37. Rc4 Bb5 38. R4c2 1/2-1/2

[Event "Xtracon Skakligaen"]
[Site "Denmark"]
[Date "2016.03.05"]
[Round "8.5"]
[White "Kristensen, Kaare Hove"]
[Black "Klitgaard, Thomas"]
[Result "1-0"]
[WhiteElo "2365"]
[BlackElo "2230"]
[PlyCount "79"]
[EventDate "2015.10.31"]
[EventType "team-tourn"]
[EventRounds "9"]
[EventCountry "DEN"]
[WhiteTeam "Nordkalotten"]
[BlackTeam "Nordre"]
[WhiteTeamCountry "DEN"]
[BlackTeamCountry "DEN"]

1. e4 d5 2. exd5 Nf6 3. c4 c6 4. d4 cxd5 5. Nc3 g6 6. Nf3 Bg7 7. Be2 O-O 8. O-O
dxc4 9. Bxc4 Bg4 10. h3 Bxf3 11. Qxf3 Nc6 12. Rd1 Qb6 13. Na4 Qb4 14. b3 e5 15.
Bd2 Qe7 16. dxe5 Nxe5 17. Qe2 Rfe8 18. Bb5 Nfd7 19. Rac1 Qh4 20. Be3 Red8 21.
Rc7 Nf6 22. Rxb7 Nd5 23. Rd4 Qf6 24. Rd2 a6 25. Bc4 Nxc4 26. bxc4 Qc6 27. cxd5
Qxb7 28. Nb6 Rab8 29. d6 Qc6 30. Nc4 Rb1+ 31. Kh2 Rb4 32. Rc2 Qd5 33. Bf4 Rc8
34. Nb6 Rxb6 35. Rxc8+ Bf8 36. Qe8 Kg7 37. Qxf8+ Kf6 38. Qe7+ Kf5 39. g4+ Kxf4
40. Qe3# 1-0

[Event "Xtracon Skakligaen"]
[Site "Denmark"]
[Date "2016.03.05"]
[Round "8.6"]
[White "Hoiberg, Nina"]
[Black "Nielsen, Lars Aaes"]
[Result "1/2-1/2"]
[WhiteElo "2213"]
[BlackElo "2231"]
[PlyCount "94"]
[EventDate "2015.10.31"]
[EventType "team-tourn"]
[EventRounds "9"]
[EventCountry "DEN"]
[WhiteTeam "Nordre"]
[BlackTeam "Nordkalotten"]
[WhiteTeamCountry "DEN"]
[BlackTeamCountry "DEN"]

1. e4 e6 2. d4 d5 3. Nd2 Nc6 4. Ngf3 Nf6 5. e5 Nd7 6. c3 f6 7. exf6 Qxf6 8. Bb5
Bd6 9. Nf1 O-O 10. Bg5 Qf7 11. Be3 h6 12. Qd2 e5 13. dxe5 Ncxe5 14. Nxe5 Nxe5
15. Ng3 Bh3 16. Bf1 Bd7 17. Be2 Rae8 18. O-O Ng4 19. Bxg4 Bxg4 20. Qd4 Bd7 21.
Rad1 Bc6 22. Qg4 Qe6 23. Qxe6+ Rxe6 24. Ne2 Ree8 25. Rfe1 b6 26. b3 a6 27. g3
g5 28. h4 gxh4 29. Bxh6 Rf6 30. Be3 hxg3 31. Nxg3 Rg6 32. Bd4 Bxg3 33. fxg3
Rxg3+ 34. Kf2 Rg5 35. Rxe8+ Bxe8 36. Rg1 Rxg1 37. Kxg1 Kf7 38. Be5 c6 39. Bc7
b5 40. Kf2 Ke6 41. b4 d4 42. cxd4 Kd5 43. Ke3 Kc4 44. a3 Kb3 45. Kd2 Bg6 46.
Bd8 Be4 47. Bc7 Kxa3 1/2-1/2

[Event "Xtracon Skakligaen"]
[Site "Denmark"]
[Date "2016.03.05"]
[Round "8.7"]
[White "Ejsing, Esben"]
[Black "Christensen, Jan Schleicher"]
[Result "1/2-1/2"]
[WhiteElo "2194"]
[BlackElo "2190"]
[PlyCount "81"]
[EventDate "2015.10.31"]
[EventType "team-tourn"]
[EventRounds "9"]
[EventCountry "DEN"]
[WhiteTeam "Nordkalotten"]
[BlackTeam "Nordre"]
[WhiteTeamCountry "DEN"]
[BlackTeamCountry "DEN"]

1. c4 c5 2. Nc3 Nf6 3. g3 e6 4. Nf3 b6 5. Bg2 Bb7 6. O-O a6 7. a3 Be7 8. Re1
O-O 9. e4 d6 10. Rb1 Nbd7 11. d3 Qc7 12. Qe2 Rfe8 13. Bd2 Bf8 14. b4 Ne5 15.
Rb2 d5 16. Nxe5 Qxe5 17. Na4 dxc4 18. dxc4 cxb4 19. axb4 b5 20. Bf4 Qd4 21.
cxb5 axb5 22. Nc5 Bc6 23. Be3 Qe5 24. Bf4 Qd4 25. Be3 Qe5 26. f3 Ra3 27. Rc2
Rd8 28. Bf2 Be8 29. Rec1 Qb8 30. Rd2 Rxd2 31. Qxd2 Qa8 32. Bd4 Ra2 33. Qc3 Nd7
34. Rc2 Ra3 35. Qd2 Nb6 36. Bb2 Nc4 37. Qd4 Ra2 38. Bf1 Nxb2 39. Rxb2 Ra1 40.
Rc2 Be7 41. Kf2 1/2-1/2

[Event "Xtracon Skakligaen"]
[Site "Denmark"]
[Date "2016.03.05"]
[Round "8.8"]
[White "Olsen, Filip Boe"]
[Black "Hove, Esben Kjems"]
[Result "1-0"]
[WhiteElo "2245"]
[BlackElo "2218"]
[PlyCount "73"]
[EventDate "2015.10.31"]
[EventType "team-tourn"]
[EventRounds "9"]
[EventCountry "DEN"]
[WhiteTeam "Nordre"]
[BlackTeam "Nordkalotten"]
[WhiteTeamCountry "DEN"]
[BlackTeamCountry "DEN"]

1. d4 d5 2. Nf3 Nf6 3. Bf4 c5 4. c3 Qb6 5. Qb3 c4 6. Qc2 g6 7. Nbd2 Bf5 8. Qc1
Nc6 9. e3 Nh5 10. Be2 Nxf4 11. exf4 Bh6 12. g3 Bh3 13. Bf1 Bxf1 14. Kxf1 O-O
15. h4 f6 16. h5 g5 17. f5 e6 18. fxe6 Rae8 19. Qc2 Rxe6 20. Kg2 g4 21. Nh2 f5
22. Rhe1 Ne7 23. b3 Qc6 24. f4 Nc8 25. bxc4 dxc4+ 26. Kf2 Nb6 27. Rxe6 Qxe6 28.
Re1 Qf7 29. Re5 Qxh5 30. Nhf1 Bg7 31. Rc5 Qg6 32. Ne3 h5 33. Nxf5 Kh7 34. Qe4
Na4 35. Ne7 Qxe4 36. Rxh5+ Bh6 37. Nxe4 1-0

[Event "Xtracon Skakligaen"]
[Site "Denmark"]
[Date "2016.03.05"]
[Round "8.1"]
[White "Jones, Gawain C B"]
[Black "Schandorff, Lars"]
[Result "1/2-1/2"]
[WhiteElo "2623"]
[BlackElo "2519"]
[PlyCount "94"]
[EventDate "2015.10.31"]
[EventType "team-tourn"]
[EventRounds "9"]
[EventCountry "DEN"]
[WhiteTeam "Philidor"]
[BlackTeam "Hillerod"]
[WhiteTeamCountry "DEN"]
[BlackTeamCountry "DEN"]

1. e4 e5 2. Nf3 Nc6 3. Bb5 a6 4. Ba4 Nf6 5. O-O Be7 6. d3 b5 7. Bb3 d6 8. a3
O-O 9. Nc3 Rb8 10. Be3 Na5 11. Ba2 c5 12. Nd5 c4 13. b4 cxb3 14. cxb3 Nxd5 15.
exd5 Bg4 16. b4 Nb7 17. Rc1 f5 18. Rc6 Qe8 19. Bb1 a5 20. h3 Bh5 21. Re1 axb4
22. axb4 Nd8 23. Rc7 Nf7 24. Kf1 Rc8 25. Qc2 Bxf3 26. gxf3 Bg5 27. f4 exf4 28.
Bd4 Qd8 29. Rxc8 Qxc8 30. Qc6 f3 31. Bc2 Bd2 32. Re7 Qd8 33. Qc7 Qxc7 34. Rxc7
Re8 35. Be3 Bxb4 36. Kg1 Ba3 37. Kh2 Bb2 38. Kg3 Bf6 39. Kxf3 Ne5+ 40. Kg2 Re7
41. Rxe7 Bxe7 42. d4 Ng6 43. Kf1 Nh4 44. Ke2 g5 45. f3 Kg7 46. Bd2 h6 47. Bd3
Ng6 1/2-1/2

[Event "Xtracon Skakligaen"]
[Site "Denmark"]
[Date "2016.03.05"]
[Round "8.2"]
[White "Jaksland, Tim"]
[Black "Grandelius, Nils"]
[Result "0-1"]
[WhiteElo "2284"]
[BlackElo "2647"]
[PlyCount "79"]
[EventDate "2015.10.31"]
[EventType "team-tourn"]
[EventRounds "9"]
[EventCountry "DEN"]
[WhiteTeam "Hillerod"]
[BlackTeam "Philidor"]
[WhiteTeamCountry "DEN"]
[BlackTeamCountry "DEN"]

1. Nf3 d5 2. c4 e6 3. g3 g6 4. Bg2 Bg7 5. O-O Nf6 6. d3 O-O 7. Nc3 Nc6 8. cxd5
exd5 9. d4 Ne7 10. Bf4 c6 11. a4 a5 12. Qb3 Nf5 13. Rfd1 Re8 14. Ne5 Qe7 15. e3
Be6 16. Nd3 Ne4 17. Qa3 g5 18. Qxe7 Rxe7 19. Bxe4 dxe4 20. Bxg5 f6 21. Bxf6
Bxf6 22. Nxe4 Bg7 23. Nec5 Bf7 24. Nf4 Rd8 25. Ncd3 Nxe3 26. fxe3 Rxe3 27. Ne5
Bb3 28. Re1 Rxe1+ 29. Rxe1 Rxd4 30. Nf3 Rd1 31. Rxd1 Bxd1 32. Nd2 Bxb2 33. Nc4
Bc3 34. Nd6 b6 35. Ne6 Bxa4 36. Kf2 Bb3 37. Ne4 Bxe6 38. Nxc3 b5 39. Ke3 a4 40.
Kd4 0-1

[Event "Xtracon Skakligaen"]
[Site "Denmark"]
[Date "2016.03.05"]
[Round "8.3"]
[White "Glud, Jakob Vang"]
[Black "Stojanovski, Sandi"]
[Result "1-0"]
[WhiteElo "2535"]
[BlackElo "2250"]
[PlyCount "69"]
[EventDate "2015.10.31"]
[EventType "team-tourn"]
[EventRounds "9"]
[EventCountry "DEN"]
[WhiteTeam "Philidor"]
[BlackTeam "Hillerod"]
[WhiteTeamCountry "DEN"]
[BlackTeamCountry "DEN"]

1. c4 c5 2. g3 Nc6 3. Bg2 g6 4. Nc3 Bg7 5. a3 d6 6. Rb1 a5 7. Nf3 e5 8. O-O
Nge7 9. Ne1 Bf5 10. d3 Qd7 11. Ne4 O-O 12. Nc2 Qc7 13. Bg5 f6 14. Bd2 Nd4 15.
Ne3 Bd7 16. b4 axb4 17. axb4 Kh8 18. bxc5 dxc5 19. Nc3 Bc6 20. Ned5 Nxd5 21.
Nxd5 Qd8 22. e3 Ne6 23. Qb3 Rf7 24. Ra1 Nc7 25. Ba5 Bxd5 26. cxd5 Rd7 27. d6
Rxa5 28. Rxa5 Rxd6 29. Rxc5 b6 30. Rc6 Ne6 31. Rxd6 Qxd6 32. Rb1 Bf8 33. h4 Nc5
34. Qxb6 Qxb6 35. Rxb6 1-0

[Event "Xtracon Skakligaen"]
[Site "Denmark"]
[Date "2016.03.05"]
[Round "8.4"]
[White "Ostergaard, Jens"]
[Black "Rasmussen, Allan Stig"]
[Result "1-0"]
[WhiteElo "2254"]
[BlackElo "2498"]
[PlyCount "105"]
[EventDate "2015.10.31"]
[EventType "team-tourn"]
[EventRounds "9"]
[EventCountry "DEN"]
[WhiteTeam "Hillerod"]
[BlackTeam "Philidor"]
[WhiteTeamCountry "DEN"]
[BlackTeamCountry "DEN"]

1. d4 Nf6 2. Nf3 e6 3. c4 c5 4. d5 exd5 5. cxd5 d6 6. Nc3 g6 7. h3 Bg7 8. e4 a6
9. a4 O-O 10. Bd3 Nh5 11. Bg5 Bf6 12. Bh6 Re8 13. O-O Nd7 14. Re1 Ne5 15. Be2
Nxf3+ 16. Bxf3 Ng7 17. Qd2 Bd7 18. Be2 Bd4 19. Bg5 f6 20. Bf4 Be5 21. Bxe5 fxe5
22. a5 Rc8 23. Na4 Rc7 24. Nb6 Rf8 25. Rac1 Bb5 26. b4 Bxe2 27. Rxe2 Nh5 28. g3
cxb4 29. Rxc7 Qxc7 30. Qxb4 Qc1+ 31. Qe1 Qa3 32. Re3 Qa2 33. Re2 Qa3 34. Re3
Qa2 35. Re2 Qb3 36. Re3 Qb5 37. Kg2 Rf7 38. Qc3 Kg7 39. Qa3 Rf6 40. Nc8 Qd7 41.
Qc3 Rf7 42. Nb6 Qb5 43. Qa3 Rf6 44. Nc8 Qd7 45. Rc3 Kh6 46. Qc1+ g5 47. Rc7 Qa4
48. Qc2 Qa3 49. Rc3 Qxa5 50. Ne7 Rf7 51. Rc7 Qb6 52. Rd7 Ng7 53. Nc8 1-0

[Event "Xtracon Skakligaen"]
[Site "Denmark"]
[Date "2016.03.05"]
[Round "8.5"]
[White "Ziska, Helgi Dam"]
[Black "Nordenbaek, Jan"]
[Result "1-0"]
[WhiteElo "2523"]
[BlackElo "2196"]
[PlyCount "43"]
[EventDate "2015.10.31"]
[EventType "team-tourn"]
[EventRounds "9"]
[EventCountry "DEN"]
[WhiteTeam "Philidor"]
[BlackTeam "Hillerod"]
[WhiteTeamCountry "DEN"]
[BlackTeamCountry "DEN"]

1. e4 e5 2. Nf3 Nc6 3. Bb5 f5 4. d3 fxe4 5. dxe4 Nf6 6. O-O Bc5 7. Qd3 d6 8.
Qc4 Qe7 9. Nc3 a6 10. Bxc6+ bxc6 11. Be3 Be6 12. Qa4 O-O 13. Bxc5 dxc5 14. Nxe5
Nh5 15. Qxc6 Nf4 16. Nd3 Nxd3 17. cxd3 Rab8 18. Na4 Kh8 19. Qxc5 Qh4 20. Qxc7
Rbd8 21. Nc5 Bc8 22. Rae1 1-0

[Event "Xtracon Skakligaen"]
[Site "Denmark"]
[Date "2016.03.05"]
[Round "8.6"]
[White "Andersen, Ib Hother"]
[Black "Aagaard, Jacob"]
[Result "1/2-1/2"]
[WhiteElo "2142"]
[BlackElo "2498"]
[PlyCount "62"]
[EventDate "2015.10.31"]
[EventType "team-tourn"]
[EventRounds "9"]
[EventCountry "DEN"]
[WhiteTeam "Hillerod"]
[BlackTeam "Philidor"]
[WhiteTeamCountry "DEN"]
[BlackTeamCountry "DEN"]

1. e4 c5 2. Nf3 Nc6 3. d4 cxd4 4. Nxd4 Qb6 5. Nb3 Nf6 6. Nc3 e6 7. Be3 Qc7 8.
Bd3 a6 9. f4 d6 10. Qe2 Be7 11. O-O O-O 12. a4 b6 13. Nd2 Re8 14. h3 Nb4 15.
Qf2 Rb8 16. Kh1 d5 17. e5 Nd7 18. Rac1 Nxd3 19. cxd3 Nc5 20. Nxd5 exd5 21. d4
Qd7 22. dxc5 bxc5 23. Bxc5 Bxc5 24. Rxc5 Rxb2 25. Qd4 Ra2 26. a5 Bb7 27. Rfc1
Ra4 28. R1c4 Rxc4 29. Rxc4 h6 30. Rc5 Bc6 31. Nf3 Rb8 1/2-1/2